Numbers / (Record no. 656)

MARC details
000 -LEADER
fixed length control field 00882pam a2200265 a 4500
001 - CONTROL NUMBER
control field 1036933
003 - CONTROL NUMBER IDENTIFIER
control field GBCCL
005 - DATE AND TIME OF LATEST TRANSACTION
control field 20241126110343.0
008 - FIXED-LENGTH DATA ELEMENTS--GENERAL INFORMATION
fixed length control field 890918s1990 ilua b 001 0 eng
010 ## -
-- 89027865
020 ## - INTERNATIONAL STANDARD BOOK NUMBER
International Standard Book Number 0802492614
040 ## - CATALOGING SOURCE
Original cataloging agency DLC
Transcribing agency DLC
Modifying agency DLC
050 00 -
-- BS1265.3
-- .H37 1990
082 00 - DEWEY DECIMAL CLASSIFICATION NUMBER
Classification number 222.1407
Edition information 20
Item number HAR
100 1# - MAIN ENTRY--PERSONAL NAME
Personal name Harrison, R. K.
Fuller form of name (Roland Kenneth)
245 10 - TITLE STATEMENT
Title Numbers /
Statement of responsibility, etc. R.K. Harrison.
260 ## - PUBLICATION, DISTRIBUTION, ETC.
Place of publication, distribution, etc. Chicago :
Name of publisher, distributor, etc. Moody Press,
Date of publication, distribution, etc. c1990.
300 ## - PHYSICAL DESCRIPTION
Extent xvi, 452 p. :
Other physical details ill. ;
Dimensions 24 cm.
440 #4 - SERIES STATEMENT/ADDED ENTRY--TITLE
Title The Wycliffe exegetical commentary
504 ## - BIBLIOGRAPHY, ETC. NOTE
Bibliography, etc. note Includes bibliographical references and indexes.
630 00 - SUBJECT ADDED ENTRY--UNIFORM TITLE
Uniform title Bible.
Name of part/section of a work Numbers
General subdivision Commentaries.
906 ## - LOCAL DATA ELEMENT F, LDF (RLIN)
a 7
b cbc
c orignew
d 1
e ocip
f 19
g y-gencatlg
942 ## - ADDED ENTRY ELEMENTS (KOHA)
Source of classification or shelving scheme Dewey Decimal Classification
Koha item type Reference Books
Holdings
Withdrawn status Lost status Source of classification or shelving scheme Damaged status Not for loan Home library Current Library Shelving location Date acquired Total checkouts Full call number Barcode Date last seen Copy number Price effective from Koha item type
    Dewey Decimal Classification     GRACE BIBLE COLLEGE GRACE BIBLE COLLEGE Commentary 2017-01-11   222.1407 HAR 005755 2025-05-01 c.1 2017-01-11 Reference Books
© Grace Bible College Library 2025